[Event "Barcelona Sant Marti op-B 25th"]
[Site "Barcelona"]
[Date "2025.07.16"]
[Round "4"]
[White "Guixa Somoza, Carlos"]
[Black "Sanabria Gris, Pol"]
[Result "1-0"]
[WhiteElo "1792"]
[BlackElo "1646"]
[PlyCount "63"]
[EventDate "2025.07.13"]
[EventType "swiss"]
[EventRounds "9"]
[EventCountry "ESP"]
[SourceTitle "CB30_2025"]
[SourceDate "2025.07.23"]
[SourceVersion "1"]
[SourceVersionDate "2025.07.23"]
[SourceQuality "1"]

1. e4 e5 2. Nf3 Nc6 3. Bb5 a6 4. Ba4 Nf6 5. 0-0 b5 6. Bb3 Bc5 7. d3 h6 8. c3 d6 9. a4 Bg4 10. Nbd2 0-0 11. Re1 Ne7 12. h3 Bh5 13. Nf1 Qd7 14. Ng3 Bxf3 15. Qxf3 Ng6 16. Nf5 Kh7 17. d4 Bb6 18. d5 c6 19. dxc6 Qxc6 20. h4 h5 21. Bd5 Nxd5 22. exd5 Qc4 23. Qxh5+ Kg8 24. Be3 Bxe3 25. Rxe3 Qxd5 26. Qxg6 fxg6 27. Ne7+ Kh7 28. Nxd5 Rab8 29. a5 Rb7 30. Rd1 Kh6 31. Nb4 Rd8 32. Rxe5 1-0

[Event "Barcelona Sant Marti op-B 25th"]
[Site "Barcelona"]
[Date "2025.07.15"]
[Round "3"]
[White "Batista Perez, Carlos"]
[Black "Guixa Somoza, Carlos"]
[Result "1-0"]
[WhiteElo "1906"]
[BlackElo "1792"]
[PlyCount "97"]
[EventDate "2025.07.13"]
[EventType "swiss"]
[EventRounds "9"]
[EventCountry "ESP"]
[SourceTitle "CB30_2025"]
[SourceDate "2025.07.23"]
[SourceVersion "1"]
[SourceVersionDate "2025.07.23"]
[SourceQuality "1"]

1. d4 d5 2. c4 e6 3. Nf3 h6 4. Bf4 Nf6 5. Nc3 Bd6 6. e3 a6 7. Rc1 0-0 8. Bd3 dxc4 9. Bxc4 b5 10. Bd3 Bb7 11. Bxd6 Qxd6 12. 0-0 Nbd7 13. Qe2 e5 14. Nh4 e4 15. Bb1 b4 16. Na4 Bc6 17. Qc2 Bxa4 18. Qxa4 Nb6 19. Qa5 Nbd5 20. Rc5 Qe6 21. g3 Rfe8 22. Rfc1 c6 23. Bc2 Nd7 24. Ba4 Nxc5 25. Rxc5 Rec8 26. Bb3 Rd8 27. Ng2 g5 28. Ne1 Rd7 29. Nc2 Qg4 30. Nxb4 Nxb4 31. Qxb4 Raa7 32. Qb8+ Kg7 33. Rxc6 Rdb7 34. Qe5+ Kh7 35. Qf6 Rxb3 36. axb3 Qd1+ 37. Kg2 Qf3+ 38. Qxf3 exf3+ 39. Kxf3 Rb7 40. Rxa6 Rxb3 41. d5 Rxb2 42. Ra4 Kg7 43. Rd4 Kf8 44. h4 gxh4 45. Rxh4 Rd2 46. e4 Rd3+ 47. Kf4 f5 48. Kxf5 Rf3+ 49. Rf4 1-0

[Event "Barcelona Sant Marti op-B 25th"]
[Site "Barcelona"]
[Date "2025.07.13"]
[Round "1"]
[White "Carrasco Pedro, Jose Maria"]
[Black "Guixa Somoza, Carlos"]
[Result "0-1"]
[WhiteElo "1492"]
[BlackElo "1792"]
[PlyCount "60"]
[EventDate "2025.07.13"]
[EventType "swiss"]
[EventRounds "9"]
[EventCountry "ESP"]
[SourceTitle "CB30_2025"]
[SourceDate "2025.07.23"]
[SourceVersion "1"]
[SourceVersionDate "2025.07.23"]
[SourceQuality "1"]

1. c4 e5 2. Nc3 Nf6 3. g3 d5 4. b3 Be6 5. Bg2 c6 6. e3 dxc4 7. bxc4 Bxc4 8. Nge2 Be7 9. 0-0 0-0 10. Re1 Bd3 11. Bb2 Na6 12. Nc1 Nb4 13. Nxd3 Nxd3 14. Re2 Nxb2 15. Qc2 Nc4 16. Ne4 Nd6 17. Nxf6+ Bxf6 18. Be4 Nxe4 19. Qxe4 Qd5 20. Qg2 e4 21. Rb1 Qxa2 22. Rd1 Qc4 23. Ree1 Rfd8 24. Rc1 Qd3 25. Rcd1 a5 26. f3 a4 27. fxe4 a3 28. g4 a2 29. Qf3 a1Q 30. Rf1 Qe5 0-1

[Event "Barcelona Sant Marti op-B 24th"]
[Site "Barcelona"]
[Date "2024.07.16"]
[Round "4"]
[White "Fernandez Egea, Andres"]
[Black "Guixa Somoza, Carlos"]
[Result "0-1"]
[WhiteElo "1893"]
[BlackElo "1789"]
[PlyCount "156"]
[EventDate "2024.07.13"]
[EventType "swiss"]
[EventRounds "9"]
[EventCountry "ESP"]
[SourceTitle "EXT 2025"]
[Source "ChessBase"]
[SourceDate "2024.10.14"]
[SourceVersion "1"]
[SourceVersionDate "2024.10.14"]
[SourceQuality "1"]

1. c4 c5 2. Nc3 Nc6 3. g3 Nf6 4. Bg2 e6 5. e4 g6 6. d3 Bg7 7. Bg5 0-0 8. Qd2 d6 9. Nge2 Nd4 10. 0-0 Qd7 11. Rab1 Ne8 12. b4 Nc6 13. b5 Nd4 14. a4 Qc7 15. Nxd4 Bxd4 16. Ne2 Bg7 17. a5 a6 18. b6 Qd7 19. Bh3 f5 20. exf5 gxf5 21. Bg2 Bf6 22. Bh6 Bg7 23. Be3 Nf6 24. Nf4 Qe8 25. Rfe1 Rb8 26. Qd1 Bd7 27. Bd2 Bc6 28. Bc3 e5 29. Bxc6 Qxc6 30. Ne6 Rfe8 31. Nxg7 Kxg7 32. Qd2 Qf3 33. Re3 Qg4 34. Kg2 Kf7 35. Rbe1 Rg8 36. Qe2 h5 37. Qxg4 hxg4 38. f4 gxf3+ 39. Rxf3 Ke6 40. h3 Rbf8 41. Ref1 Nd7 42. Re1 Rf6 43. d4 cxd4 44. Bxd4 Rc8 45. Rc3 Nc5 46. Be3 Ne4 47. Rc2 Nxg3 48. c5 dxc5 49. Rxc5 Rxc5 50. Bxc5 Ne4 51. Bb4 Rg6+ 52. Kh2 Rh6 53. Re3 Kd5 54. Be1 Kd4 55. Rf3 f4 56. h4 Rc6 57. Kh3 Rc1 58. Bb4 Rg1 59. Kh2 Rg7 60. Ba3 Rh7 61. Bb2+ Kd5 62. Rd3+ Ke6 63. Rh3 Nf2 64. Rc3 Nd1 65. Rc7 Rxh4+ 66. Kg2 Nxb2 67. Rxb7 Rg4+ 68. Kf1 Nc4 69. Ra7 Nxa5 70. Rxa6 Nb7 71. Ra7 Rg7 72. Kf2 Rd7 73. Kf3 Kd6 74. Ra8 Re7 75. Rc8 Nc5 76. Rh8 Kc6 77. Rh6+ Re6 78. b7 Kxb7 0-1

[Event "Barcelona Sant Marti op-B 24th"]
[Site "Barcelona"]
[Date "2024.07.13"]
[Round "1"]
[White "Guixa Somoza, Carlos"]
[Black "Qian, Tsz Man Ryan"]
[Result "1-0"]
[WhiteElo "1789"]
[BlackElo "1533"]
[PlyCount "37"]
[EventDate "2024.07.13"]
[EventType "swiss"]
[EventRounds "9"]
[EventCountry "ESP"]
[SourceTitle "EXT 2025"]
[Source "ChessBase"]
[SourceDate "2024.10.14"]
[SourceVersion "1"]
[SourceVersionDate "2024.10.14"]
[SourceQuality "1"]

1. e4 e6 2. d4 d5 3. Nd2 Nf6 4. e5 Nfd7 5. Bd3 c5 6. c3 Nc6 7. Ne2 Be7 8. 0-0 0-0 9. f4 Qb6 10. Nf3 cxd4 11. cxd4 Ndb8 12. Qe1 Nb4 13. Bb1 N8c6 14. Qg3 g6 15. h4 Qa6 16. Nc3 Qc4 17. Rd1 Rd8 18. a3 Na6 19. Ba2 1-0